Univariate exchange rates models in Visegrad countrie diplomová práca

Uložené v:
Podrobná bibliografia
Hlavný autor: Tallo, Patrik
Korporativný autor: Národohospodárska fakulta EU. Katedra financií
Ďalší autori: Káčer, Marek, 1976-
Médium: Kniha
Jazyk:English
Vydavateľské údaje: Bratislava 2019
Tagy: Pridať tag
Žiadne tagy, Buďte prvý, kto otaguje tento záznam!

MARC

LEADER 00000nbm a2200000 4500
001 0256582
005 20190724132813.4
041 0 |a eng 
044 |a SK 
245 1 0 |a Univariate exchange rates models in Visegrad countrie  |b diplomová práca  |c Patrik Tallo ; školiteľ: Marek Káčer 
264 1 |a Bratislava  |c 2019 
300 |a 51 s. 
100 1 |a Tallo, Patrik 
700 1 |a Káčer, Marek, 1976- 
710 2 |a Národohospodárska fakulta EU. Katedra financií